000 00448nam a2200121Ia 4500
008 220216s9999 xx 000 0 und d
100 _aNisha V S
245 0 _aPreparation and characterization of nano ZnO and its effect on the mechanical properties of natural rubber
260 _bProceedings of the Asia Rub Tech Expo, 23-25 November 2006, Indian Rubber Institute, Kochi. pp.174.
700 _aJacob Sinto
700 _aJoseph Rani
942 _cJS
999 _c65541
_d65541